banner koha

Applicability of PCR-based clonality assay in dogs with multicentric lymphoma (Registro n. 330713)

MARC details
000 -LÍDER
fixed length control field 02110nab a2200289 i 4500
003 - CÓDIGO MARC DA AGÊNCIA CATALOGADORA
Campo de controle BR-BrBNA
005 - DATA E HORA DA ÚLTIMA ATUALIZAÇÃO
Campo de controle 20250327154324.0
008 - CAMPO DE TAMANHO FIXO
fixed length control field 250327b2017 bl.|r|pooa||| 00| 0 eng |
040 ## - FONTE DA CATALOGAÇÃO
Agência catalogadora BR-BrBNA
Idioma da catalogação eng
072 ## - CATEGORIA AGRIS
Código AGRIS L73
Código do objeto 5400
072 ## - CATEGORIA AGRIS
Código AGRIS L70
100 ## - ENTRADA PRINCIPAL - NOME PESSOAL
Nome pessoal Nowosh, V.
100 ## - ENTRADA PRINCIPAL - NOME PESSOAL
Nome pessoal Macieira, D.B.
100 ## - ENTRADA PRINCIPAL - NOME PESSOAL
Nome pessoal Alencar, N.X.
245 ## - TÍTULO PRINCIPAL
Título principal Applicability of PCR-based clonality assay in dogs with multicentric lymphoma
500 ## - NOTA GERAL
Nota geral <br/>Publicação online; 12 ref.; Summary (Pt)
942 ## - ADDED ENTRY ELEMENTS (KOHA)
Koha item type Analítica
520 ## - NOTA DE RESUMO
Nota de conteúdo <br/><br/><br/>RESUMO - Linfoma multicêntrico apresenta alta prevalência dentre as neoplasias em cães, e o diagnóstico rotineiro não é eficaz para avaliação de prognóstico. A PCR para rearranjos de receptores de antígeno (PRRA) apresenta potencial para classificação e estadiamento de linfomas. Este trabalho objetiva relatar o desenvolvimento de um protocolo de PRRA para aplicação em cães, baseando-se em condições e primers descritos na literatura. Foram coletados aspirados de linfonodo de 10 cães com linfoma multicêntrico e 15 lâminas de linfonodo positivas para linfoma já secas ao ar, fixadas e coradas. O protocolo utilizado demonstrou-se eficaz na amplificação de DNA das amostras frescas e das lâminas, com sensibilidade de 75%, similar à de estudos anteriores. Resultados parciais sugerem prevalência de linfomas de células B (60%) sobre células T (40%). O presente estudo abre precedentes para uma série de novos estudos com diagnóstico molecular de linfomas.<br/><br/><br/>Palavras-chave: receptor IgH, diagnóstico molecular, ensaio de PRRA, receptor TCR-gama
650 ## - ASSUNTO - THESAGRO
Cabeçalho tópico ou nome geográfico CÃO
650 ## - ASSUNTO - THESAGRO
Cabeçalho tópico ou nome geográfico DIAGNÓSTICO
650 ## - ASSUNTO - THESAGRO
Cabeçalho tópico ou nome geográfico LINFOMA
650 ## - ASSUNTO - THESAGRO
Cabeçalho tópico ou nome geográfico NEOPLASIA
650 ## - ASSUNTO - THESAGRO
Cabeçalho tópico ou nome geográfico VETERINÁRIA
773 0# - ENTRADA ANALÍTICA
Host Biblionumber 1643
Registro do item 349324
Imprenta Belo Horizonte-MG Universidade Federal de Minas Gerais - Escola de Veterinaria 1983
Outro identificador 2025-1843
Título Arquivo Brasileiro de Medicina Veterinária e Zootecnia (Brazil)
ISSN 0102-0935
Colação v. 69(3) p. 761-765; (2017)
Número de controle de registro BR2025000404
856 ## - ACESSO E ENDEREÇO ELETRÔNICO
Identificador uniforme de recurso - URI https://www.scielo.br/j/abmvz/a/sTnczXfqwRK9td8pvx8hMHH/?format=pdf&lang=en

Nenhum exemplar disponível.

BINAGRI

Telefone: (61)3218-2567/2388/3357/2097 - binagri@agro.gov.br

Ministério da Agricultura e Pecuária , Esplanada dos Ministérios, Bloco D, Anexo B, Brasília/DF, CEP: 70.043-900